[Event "Sparkassen-Open A"]
[Site "Heusenstamm, Martinsee"]
[Date "2015.11.27"]
[Round "2.22"]
[White "Küpper, Martin"]
[Black "Künstler, Christian"]
[Result "0-1"]
[WhiteElo "2013"]
[BlackElo "2223"]
[PlyCount "66"]
[EventDate "2015.??.??"]
[WhiteTeam "SC Fulda"]
[BlackTeam "SF Neuberg"]

1. e4 c5 2. Nc3 Nc6 3. f4 g6 4. Nf3 Bg7 5. Bb5 Nd4 6. a4 a6 7. Bc4 e6 8. O-O
Ne7 9. e5 d5 10. exd6 Nef5 11. d3 Nxd6 12. Ba2 b6 13. Ne4 Bb7 14. c3 Nxf3+ 15.
Qxf3 O-O 16. Qe2 Rc8 17. Bb1 Qc7 18. Be3 a5 19. Bc2 Bd5 20. Nxd6 Qxd6 21. Rfd1
e5 22. Qf2 f5 23. h3 Rfe8 24. fxe5 Bxe5 25. d4 Bg3 26. Qd2 c4 27. Rf1 Bh2+ 28.
Kh1 Re6 29. Rae1 Rce8 30. Bf2 Bf4 31. Qd1 Qc6 32. Rg1 Rxe1 33. Bxe1 Be3 0-1

[Event "Sparkassen-Open A"]
[Site "Heusenstamm, Martinsee"]
[Date "2015.11.27"]
[Round "2.23"]
[White "Schultze, Jörg Martin"]
[Black "Meyner, Hannes"]
[Result "1/2-1/2"]
[WhiteElo "2005"]
[BlackElo "2202"]
[PlyCount "57"]
[EventDate "2015.??.??"]
[WhiteTeam "SF Anderssen Wetzlar"]
[BlackTeam "Kasseler SK"]

1. e4 c5 2. Nf3 e6 3. c3 Nf6 4. e5 Nd5 5. d4 cxd4 6. cxd4 d6 7. Nc3 Nxc3 8.
bxc3 Qc7 9. Bd2 Nd7 10. Bd3 dxe5 11. O-O Bd6 12. Qa4 O-O 13. dxe5 Nxe5 14.
Bxh7+ Kxh7 15. Qh4+ Kg8 16. Ng5 Rd8 17. Qh7+ Kf8 18. Qh8+ Ke7 19. Qxg7 Bd7 20.
Ne4 Bc6 21. Bg5+ Kd7 22. Bxd8 Rxd8 23. Nxd6 Kxd6 24. Rad1+ Bd5 25. Rfe1 Nc4 26.
h4 Kc6 27. h5 f5 28. Qg6 Ne5 29. Qf6 1/2-1/2

[Event "Sparkassen-Open A"]
[Site "Heusenstamm, Martinsee"]
[Date "2015.11.27"]
[Round "2.24"]
[White "Henrich, Thomas"]
[Black "Kagan, Dennis"]
[Result "1-0"]
[WhiteElo "2192"]
[BlackElo "2009"]
[PlyCount "43"]
[EventDate "2015.??.??"]
[WhiteTeam "SK Marburg"]
[BlackTeam "SG Porz"]

1. d4 Nf6 2. c4 e6 3. Nc3 Bb4 4. Qc2 O-O 5. e4 d5 6. e5 Ne4 7. Bd3 c5 8. a3 Qa5
9. axb4 Qxa1 10. bxc5 Nc6 11. Bxe4 dxe4 12. Nge2 Qa5 13. O-O Nxd4 14. Nxd4 Qxc5
15. Qxe4 Qxc4 16. Bg5 Qb4 17. Qg4 Kh8 18. Ncb5 Bd7 19. Nd6 Be8 20. Be7 Kg8 21.
Bxf8 Kxf8 22. Nxe6+ 1-0

[Event "Sparkassen-Open A"]
[Site "Heusenstamm, Martinsee"]
[Date "2015.11.27"]
[Round "2.25"]
[White "Calder, Dennis"]
[Black "Bahlke, Wolfgang"]
[Result "1/2-1/2"]
[WhiteElo "2000"]
[BlackElo "2183"]
[PlyCount "156"]
[EventDate "2015.??.??"]
[WhiteTeam "SC Bad Nauheim"]
[BlackTeam "SF Dettingen"]

1. d4 Nf6 2. Nf3 g6 3. c4 Bg7 4. g3 O-O 5. Bg2 d6 6. O-O Nc6 7. Nc3 a6 8. e4
Bg4 9. h3 Bxf3 10. Bxf3 e5 11. d5 Nd4 12. Bg2 c5 13. dxc6 bxc6 14. Bg5 Qb6 15.
Rb1 a5 16. b3 Rfb8 17. Kh2 Nd7 18. Qd2 Ra7 19. Be3 Nf8 20. f4 exf4 21. gxf4 f5
22. Na4 Qb4 23. Qxb4 axb4 24. Bxd4 Bxd4 25. exf5 c5 26. Bd5+ Kg7 27. fxg6 Nxg6
28. Kg3 Kf6 29. Rbe1 Re7 30. Rxe7 Nxe7 31. Re1 Nxd5 32. cxd5 Kf5 33. Kf3 c4 34.
Re4 cxb3 35. axb3 Bg7 36. Re7 Bf8 37. Rxh7 Kg6 38. Rc7 Bg7 39. Rc6 Rh8 40. Kg4
Bf8 41. Nc5 Be7 42. Ne4 Rh4+ 43. Kg3 Rh5 44. Rb6 Rxd5 45. Rxb4 Rd3+ 46. Kg4 d5
47. Rb6+ Kg7 48. Ng5 d4 49. h4 Rd1 50. Kf5 d3 51. Rb7 Kf8 52. Rd7 d2 53. Ne4
Bb4 54. Rd4 Rb1 55. Nxd2 Bxd2 56. Rxd2 Rxb3 57. Rd7 Rb5+ 58. Kg6 Rb6+ 59. Kg5
Rb5+ 60. f5 Rb6 61. Ra7 Rc6 62. h5 Rb6 63. h6 Kg8 64. Re7 Rb1 65. Kf6 Rh1 66.
Re8+ Kh7 67. Kf7 Rxh6 68. f6 Rh1 69. Re4 Kh6 70. Rg4 Ra1 71. Re4 Ra7+ 72. Re7
Ra6 73. Re6 Ra8 74. Ke7 Kg6 75. Rd6 Ra7+ 76. Ke6 Rf7 77. Ke5 Rf8 78. Re6 Rf7
1/2-1/2

[Event "Sparkassen-Open A"]
[Site "Heusenstamm, Martinsee"]
[Date "2015.11.27"]
[Round "2.26"]
[White "Enneper, Eckhard"]
[Black "Kropp, Volker"]
[Result "0-1"]
[WhiteElo "2155"]
[BlackElo "2002"]
[PlyCount "54"]
[EventDate "2015.??.??"]
[WhiteTeam "VSG Offenbach"]
[BlackTeam "SV Mainz-Mombach"]

1. d4 Nf6 2. Nf3 e6 3. c4 c5 4. Nc3 cxd4 5. Nxd4 Nc6 6. Ndb5 d6 7. Bf4 e5 8.
Bg5 a6 9. Bxf6 gxf6 10. Na3 f5 11. Nc2 Be6 12. Ne3 Bh6 13. Ned5 Bxd5 14. cxd5
Ne7 15. e3 O-O 16. g4 f4 17. g5 Bxg5 18. h4 Bf6 19. Qh5 fxe3 20. O-O-O Rc8 21.
Bd3 Ng6 22. Be4 Qa5 23. Rd3 exf2 24. Qf5 Qxa2 25. Qxf6 Qa1+ 26. Kc2 Qa4+ 27.
Kc1 Qxe4 0-1

[Event "Sparkassen-Open A"]
[Site "Heusenstamm, Martinsee"]
[Date "2015.11.27"]
[Round "2.27"]
[White "Feldmann, Johannes"]
[Black "Schneider, Johannes"]
[Result "1-0"]
[WhiteElo "2145"]
[BlackElo "1998"]
[PlyCount "65"]
[EventDate "2015.??.??"]
[WhiteTeam "SK Ludwigshafen"]
[BlackTeam "SV Mainz-Mombach"]

1. d4 d5 2. c4 e6 3. Nc3 Nf6 4. Bg5 Nbd7 5. cxd5 exd5 6. e3 Be7 7. Bd3 O-O 8.
Qc2 h6 9. Bf4 c6 10. h3 Re8 11. Nf3 Nf8 12. O-O-O Be6 13. Kb1 Rc8 14. g4 N6h7
15. Rdg1 Bd6 16. Bxd6 Qxd6 17. g5 hxg5 18. Nxg5 Nxg5 19. Rxg5 f6 20. Rg3 Rc7
21. h4 Rf7 22. Rhg1 f5 23. Ne2 Nh7 24. h5 Nf6 25. h6 Ng4 26. h7+ Kh8 27. Nf4
Nh6 28. f3 Rc7 29. Rg6 c5 30. dxc5 Rxc5 31. Qg2 Rc7 32. Rxg7 Ree7 33. Rg8+ 1-0

[Event "Sparkassen-Open A"]
[Site "Heusenstamm, Martinsee"]
[Date "2015.11.27"]
[Round "2.28"]
[White "Henrich, David"]
[Black "Harringer, Manfred"]
[Result "1/2-1/2"]
[WhiteElo "2140"]
[BlackElo "1995"]
[PlyCount "182"]
[EventDate "2015.??.??"]
[WhiteTeam "SK Niederbrechen"]
[BlackTeam "Bergische SF"]

1. Nf3 Nf6 2. c4 e6 3. b3 d5 4. Bb2 Nbd7 5. g3 c6 6. Bg2 b6 7. O-O Ba6 8. d3
Be7 9. Nd4 Rc8 10. e4 O-O 11. a4 Bb7 12. Nc2 a5 13. e5 Ne8 14. Ne3 Qc7 15. d4
f6 16. f4 fxe5 17. fxe5 Bg5 18. Ng4 Rxf1+ 19. Kxf1 Nf8 20. h4 Qf7+ 21. Kg1 Be7
22. Qf3 Qg6 23. Ba3 Bxa3 24. Nxa3 Rc7 25. Rf1 Rf7 26. Qxf7+ Qxf7 27. Rxf7 Kxf7
28. Ne3 Ke7 29. Kf2 Kd7 30. cxd5 cxd5 31. Nb5 Ba6 32. Bf1 Bxb5 33. Bxb5+ Ke7
34. g4 Nc7 35. Bd3 h6 36. g5 hxg5 37. hxg5 Kf7 38. Kg3 Ng6 39. Kg4 Ne7 40. Kh5
Nc6 41. Nc2 Ne7 42. g6+ Ke8 43. Kg5 Nc6 44. Kf4 Nb4 45. Ne1 Nxd3+ 46. Nxd3 Na6
47. Ke3 Nb4 48. Nf4 Ke7 49. Kd2 Nc6 50. Kc3 Nb4 51. Ne2 Ke8 52. Ng3 Ke7 53. Nh5
Kf8 54. Kd2 Nc6 55. Kd3 Nb4+ 56. Kc3 Na2+ 57. Kb2 Nb4 58. Nf4 Ke7 59. Kc3 Na2+
60. Kd2 Nb4 61. Ng2 Kd7 62. Nh4 Nc6 63. Kc3 Ne7 64. Kd3 Kc7 65. Ke3 Kd7 66. Kf4
Nc6 67. Nf3 Ne7 68. Nh4 Nc6 69. Ke3 Ne7 70. Kd3 Kc7 71. Kc3 Kd7 72. b4 Nc6 73.
b5 Ne7 74. Kd3 Ng8 75. Ng2 Ne7 76. Nf4 Nf5 77. Ne2 Ke7 78. Nf4 Kd7 79. Ng2 Ke7
80. Kc3 Kd7 81. Nf4 Ke7 82. Nh5 Kf8 83. Kd3 Nh4 84. Nf4 Ke7 85. Kc3 Nf5 86. Kd3
Nh4 87. Nh5 Kf8 88. Nf4 Ke7 89. Kc3 Nf5 90. Ng2 Kd7 91. Kd3 Ke7 1/2-1/2

[Event "Sparkassen-Open A"]
[Site "Heusenstamm, Martinsee"]
[Date "2015.11.27"]
[Round "2.29"]
[White "Westphal, Norbert"]
[Black "Ramien, David"]
[Result "0-1"]
[WhiteElo "1987"]
[BlackElo "2140"]
[PlyCount "138"]
[EventDate "2015.??.??"]
[WhiteTeam "BSV Chemie Radebeul"]
[BlackTeam "SG Porz"]

1. d4 Nf6 2. c4 g6 3. Nc3 Bg7 4. e4 d6 5. Be2 O-O 6. Be3 Nbd7 7. Qd2 e5 8. d5
Nc5 9. Bxc5 dxc5 10. Nf3 Ne8 11. h4 h6 12. Bd3 a6 13. h5 g5 14. O-O-O Nd6 15.
Qe3 b6 16. Rde1 Bb7 17. Nd2 Qb8 18. f3 Qa7 19. Nb3 Rfb8 20. Re2 Bf8 21. g3 b5
22. Na5 Qb6 23. Nc6 Bxc6 24. dxc6 Qxc6 25. cxb5 axb5 26. Bb1 b4 27. Nd5 Nb5 28.
f4 Nd4 29. Rf2 b3 30. a3 exf4 31. gxf4 g4 32. Nc3 f5 33. Rg1 Bg7 34. Qg3 Re8
35. exf5 Nf3 36. Be4 Rxe4 37. Rxf3 Re1+ 38. Rxe1 Qxf3 39. Qxf3 gxf3 40. Rf1
Bxc3 41. bxc3 Rxa3 42. Kb2 Ra4 43. Rxf3 c4 44. Rg3+ Kf8 45. Rg6 Ra2+ 46. Kb1
Rf2 47. Rxh6 Rxf4 48. Rf6+ Ke7 49. Rc6 Kd7 50. Rf6 Rf3 51. Rf7+ Kd6 52. h6 Rxc3
53. h7 Rh3 54. Kb2 Rh2+ 55. Kc3 b2 56. h8=Q b1=N+ 57. Kxc4 Rxh8 58. Rf6+ Ke5
59. Rc6 Rh7 60. Rc5+ Kf6 61. Kd3 Rd7+ 62. Ke4 Nd2+ 63. Kf4 Nb3 64. Rc6+ Kf7 65.
Kg5 Nd4 66. Rf6+ Ke7 67. Rh6 Rd5 68. Rh7+ Kd6 69. Rh6+ Kc5 0-1

[Event "Sparkassen-Open A"]
[Site "Heusenstamm, Martinsee"]
[Date "2015.11.27"]
[Round "2.30"]
[White "Spiegel, Stefan"]
[Black "Köllner, Ruben Gideon"]
[Result "1-0"]
[WhiteElo "2137"]
[BlackElo "1985"]
[PlyCount "71"]
[EventDate "2015.??.??"]
[WhiteTeam "SC Viernheim"]
[BlackTeam "SV Bergneustadt/Derschlag"]

1. e4 d6 2. d4 Nf6 3. Nc3 e5 4. Nf3 exd4 5. Nxd4 Be7 6. g3 O-O 7. Bg2 Bd7 8.
O-O Nc6 9. Nde2 h5 10. Nd5 Nxd5 11. exd5 Ne5 12. Nd4 h4 13. f4 Ng4 14. h3 Nf6
15. g4 Re8 16. g5 Nh7 17. Qh5 c5 18. Nf3 Bf5 19. Nxh4 Bxc2 20. Bd2 g6 21. Qf3
Qd7 22. Rac1 Bf5 23. Nxf5 Qxf5 24. h4 Bf8 25. Rc4 Qd7 26. Bh3 Qb5 27. b3 Qa6
28. f5 Re7 29. h5 gxh5 30. Qxh5 Qxa2 31. f6 Qxd2 32. fxe7 Qe3+ 33. Kh1 Qxe7 34.
Rxf7 Qe1+ 35. Rf1 Qe7 36. Be6+ 1-0

[Event "Sparkassen-Open A"]
[Site "Heusenstamm, Martinsee"]
[Date "2015.11.27"]
[Round "2.31"]
[White "Mehringer, Jörg"]
[Black "Poghosyan, Tigran"]
[Result "1/2-1/2"]
[WhiteElo "1976"]
[BlackElo "2120"]
[PlyCount "80"]
[EventDate "2015.??.??"]
[WhiteTeam "Schachpinguine Berlin"]
[BlackTeam "Lübecker SV"]

1. e4 c5 2. g3 Nc6 3. Bg2 g6 4. Ne2 Bg7 5. O-O d6 6. c3 e5 7. d3 Nge7 8. Be3
O-O 9. Na3 Bg4 10. h3 Be6 11. Qd2 Qd7 12. Kh2 Rfd8 13. d4 cxd4 14. cxd4 d5 15.
dxe5 dxe4 16. Qxd7 Rxd7 17. Nf4 Nd5 18. Nxe6 Nxe3 19. fxe3 fxe6 20. Nc4 Nxe5
21. Nxe5 Bxe5 22. Rad1 Rad8 23. Rxd7 Rxd7 24. Rf2 h5 25. h4 Kg7 26. Bxe4 Kh6
27. Kh3 g5 28. hxg5+ Kxg5 29. b3 b6 30. Rf8 Rd2 31. Rg8+ Kf6 32. Rg6+ Ke7 33.
Rg5 Kd6 34. Rxh5 Re2 35. Rg5 Rxe3 36. Bb1 Re2 37. Rg6 Re3 38. Kh4 Kd5 39. g4
Rc3 40. Rg8 Rc1 1/2-1/2

[Event "Sparkassen-Open A"]
[Site "Heusenstamm, Martinsee"]
[Date "2015.11.27"]
[Round "2.32"]
[White "Hinrichs, Paul"]
[Black "Benninger, Rudolf"]
[Result "0-1"]
[WhiteElo "1711"]
[BlackElo "2119"]
[PlyCount "80"]
[EventDate "2015.??.??"]
[WhiteTeam "SK Bingen"]
[BlackTeam "SC Heusenstamm"]

1. d4 g6 2. c4 Bg7 3. Nc3 c5 4. d5 d6 5. e4 e6 6. Bd3 Ne7 7. h3 a6 8. a4 O-O 9.
Nf3 Nd7 10. O-O Ne5 11. Nxe5 Bxe5 12. Bh6 Bg7 13. Bxg7 Kxg7 14. f4 Qc7 15. Re1
e5 16. fxe5 dxe5 17. Bc2 Qd6 18. Rf1 Bd7 19. Qe2 b6 20. Rf3 f6 21. Raf1 g5 22.
R3f2 Ng6 23. Kh2 Nf4 24. Qe3 h5 25. Bd1 Rh8 26. h4 gxh4 27. Ne2 Ng6 28. g3
hxg3+ 29. Qxg3 h4 30. Qf3 f5 31. Rg1 Raf8 32. exf5 Rxf5 33. Qg2 e4+ 34. Nf4 Rh6
35. Qxe4 Kh8 36. Rgf1 Nxf4 37. Rxf4 Rhf6 38. Bc2 Rf7 39. Qxf5 Bxf5 40. Kg1 Rg7+
0-1

[Event "Sparkassen-Open A"]
[Site "Heusenstamm, Martinsee"]
[Date "2015.11.27"]
[Round "2.33"]
[White "Köllner, Christof"]
[Black "Ovsepyan, Mikhail"]
[Result "1/2-1/2"]
[WhiteElo "2118"]
[BlackElo "1785"]
[PlyCount "120"]
[EventDate "2015.??.??"]
[WhiteTeam "SV Bergneustadt/Derschlag"]
[BlackTeam "SF Frankfurt"]

1. d4 d5 2. Nf3 Nf6 3. e3 e6 4. Bd3 Be7 5. O-O O-O 6. Nbd2 Nbd7 7. e4 dxe4 8.
Nxe4 Nxe4 9. Bxe4 Nf6 10. Bd3 b6 11. Qe2 Bb7 12. Rd1 c6 13. c3 Qc7 14. Bg5 Nd5
15. Qe4 g6 16. Qh4 f6 17. Bd2 Bd6 18. g3 Qf7 19. Qg4 Rad8 20. Bc4 Bc8 21. Qh4
Rfe8 22. Re1 Be7 23. Qe4 Bd6 24. Qc2 Re7 25. Kg2 Rde8 26. h3 Kg7 27. a4 Bd7 28.
b4 a5 29. bxa5 bxa5 30. Bc1 Rb8 31. Ba3 Bxa3 32. Rxa3 Bc8 33. Rb1 Reb7 34. Rxb7
Rxb7 35. Ba6 Rb8 36. Bxc8 Rxc8 37. Rb3 Rc7 38. Qb2 Qe7 39. c4 Nb4 40. c5 Qd7
41. Re3 Nd5 42. Rb3 Nb4 43. g4 Qd5 44. Re3 Qc4 45. Kg3 g5 46. Nd2 Qc2 47. Qxc2
Nxc2 48. Rxe6 Nxd4 49. Re4 Rd7 50. Nc4 Nb3 51. Re6 Rd4 52. Ne3 Rxa4 53. Nf5+
Kf7 54. Rxc6 Nd4 55. Rc7+ Ke6 56. Ne3 Ne2+ 57. Kf3 Nd4+ 58. Kg3 Ne2+ 59. Kf3
Nd4+ 60. Kg3 Ne2+ 1/2-1/2

[Event "Sparkassen-Open A"]
[Site "Heusenstamm, Martinsee"]
[Date "2015.11.27"]
[Round "2.34"]
[White "Völler, Lothar"]
[Black "Schmidt, Markus a"]
[Result "1/2-1/2"]
[WhiteElo "1738"]
[BlackElo "2118"]
[PlyCount "45"]
[EventDate "2015.??.??"]
[WhiteTeam "FS Dortmund"]
[BlackTeam "SK Turm Bad Hersfeld"]

1. c4 Nf6 2. Nf3 g6 3. Nc3 Bg7 4. d4 d6 5. e4 O-O 6. Be2 e5 7. dxe5 dxe5 8.
Qxd8 Rxd8 9. O-O Re8 10. h3 Na6 11. Be3 Bf8 12. Bg5 Nh5 13. Rfd1 f6 14. Be3 c6
15. a3 Be6 16. b4 Nc7 17. c5 Nf4 18. Bf1 a5 19. Nd2 axb4 20. axb4 Rxa1 21. Rxa1
Ra8 22. Rxa8 Nxa8 23. Nc4 1/2-1/2

[Event "Sparkassen-Open A"]
[Site "Heusenstamm, Martinsee"]
[Date "2015.11.27"]
[Round "2.36"]
[White "Budde, Michael"]
[Black "Schild, Christoph"]
[Result "0-1"]
[WhiteElo "1903"]
[BlackElo "2368"]
[PlyCount "180"]
[EventDate "2015.??.??"]
[WhiteTeam "SC Flörsheim"]
[BlackTeam "SK Freiburg-Zähringen 1887"]

1. Nf3 Nf6 2. d4 c5 3. d5 e6 4. Nc3 exd5 5. Nxd5 Nxd5 6. Qxd5 Nc6 7. c3 d6 8.
Ng5 Qe7 9. Bf4 Be6 10. Nxe6 fxe6 11. Qd2 Qf7 12. e4 Be7 13. Bb5 O-O 14. Bg3
Rac8 15. O-O Rfd8 16. Rfe1 a6 17. Be2 Qg6 18. h3 Kh8 19. Rad1 Rf8 20. Bg4 Rcd8
21. Qe2 e5 22. Rd3 b5 23. Bf5 Qf7 24. Rd5 g6 25. Bg4 h5 26. Bf3 Rb8 27. a4 Kh7
28. axb5 axb5 29. Ra1 h4 30. Bh2 Rb6 31. Bg4 b4 32. Rd3 bxc3 33. bxc3 Rfb8 34.
g3 hxg3 35. Bxg3 Rb2 36. Rd2 Rb1+ 37. Rxb1 Rxb1+ 38. Rd1 Qb3 39. Rxb1 Qxb1+ 40.
Kg2 Qb3 41. Qa6 Nd8 42. h4 Kg7 43. c4 Qb7 44. Qxb7 Nxb7 45. f4 Bf6 46. fxe5
Bxe5 47. Be1 Nd8 48. Bd7 Kf6 49. h5 g5 50. Kf3 Nf7 51. Be8 Nh6 52. Ba5 g4+ 53.
Kg2 Ke7 54. Bg6 Bf4 55. Be1 Kf6 56. Bc3+ Be5 57. Bd2 Ng8 58. Bf5 g3 59. h6 Ne7
60. h7 Kg7 61. Be1 Nc6 62. Bxg3 Bxg3 63. Kxg3 Ne5 64. Be6 Kxh7 65. Kf4 Kg6 66.
Bd5 Kf6 67. Bg8 Ng6+ 68. Kf3 Ke5 69. Ke3 Nf8 70. Bd5 Nd7 71. Bb7 Kf6 72. Bd5
Kg5 73. Kf3 Ne5+ 74. Kg3 Nd3 75. Kf3 Kf6 76. Ke3 Ne5 77. Kf4 Ng6+ 78. Kf3 Ke5
79. Ke3 Nf4 80. Bb7 Ng2+ 81. Kf2 Nh4 82. Kg3 Ng6 83. Kf3 Kd4 84. Kg4 Ne5+ 85.
Kf5 Nxc4 86. Ke6 Na5 87. Bd5 c4 88. Kxd6 c3 89. e5 c2 90. e6 c1=Q 0-1

[Event "Sparkassen-Open A"]
[Site "Heusenstamm, Martinsee"]
[Date "2015.11.27"]
[Round "2.38"]
[White "Rochau, Normen"]
[Black "Donchenko, Anatoly"]
[Result "1-0"]
[WhiteElo "1912"]
[BlackElo "2323"]
[PlyCount "113"]
[EventDate "2015.??.??"]
[WhiteTeam "Karlsruher SF"]
[BlackTeam "SK Gießen"]

1. e4 Nf6 2. e5 Nd5 3. d4 d6 4. c4 Nb6 5. exd6 exd6 6. Be3 Be7 7. Nf3 Bg4 8.
Be2 O-O 9. O-O Nc6 10. b3 Bf6 11. Nc3 d5 12. c5 Nc8 13. h3 Bf5 14. a3 N8e7 15.
g4 Qd7 16. gxf5 Nxf5 17. Qd2 Rfe8 18. Kh2 Re6 19. Rae1 Rae8 20. Bb5 a6 21. Bxc6
bxc6 22. Qd3 R6e7 23. Bd2 g6 24. Rxe7 Rxe7 25. Re1 a5 26. Rxe7 Qxe7 27. Bf4
Nxd4 28. Nxd4 Qxc5 29. Nce2 Qxa3 30. Qa6 Qc5 31. Be3 Qd6+ 32. Kg2 c5 33. Qxd6
cxd6 34. Nb5 d4 35. Bd2 d3 36. Nc1 d5 37. Nxd3 c4 38. bxc4 dxc4 39. Nc5 Be7 40.
Na4 Bb4 41. Bc3 f5 42. Kf3 Kf7 43. Nb6 Ke6 44. Kf4 h6 45. Nxc4 g5+ 46. Kf3 h5
47. Nxa5 g4+ 48. hxg4 fxg4+ 49. Kf4 Bc5 50. Bd4 Be7 51. Nc3 Bd6+ 52. Kg5 g3 53.
f4 g2 54. f5+ Kf7 55. Ne2 Be7+ 56. Kxh5 Bf6 57. Bxf6 1-0

[Event "Sparkassen-Open A"]
[Site "Heusenstamm, Martinsee"]
[Date "2015.11.27"]
[Round "2.39"]
[White "Engel, Berthold"]
[Black "Mager, Thomas"]
[Result "1-0"]
[WhiteElo "2207"]
[BlackElo "1838"]
[PlyCount "55"]
[EventDate "2015.??.??"]
[WhiteTeam "BG Buchen"]
[BlackTeam "vereinslos"]

1. e4 e6 2. d3 d5 3. Nd2 c5 4. Ngf3 Nc6 5. g3 Nf6 6. Bg2 Be7 7. O-O O-O 8. Re1
Qc7 9. e5 Nd7 10. Qe2 b5 11. Nf1 a5 12. Bf4 Ba6 13. h4 Rfc8 14. c3 b4 15. c4
Nb6 16. b3 a4 17. Ne3 dxc4 18. dxc4 Bb7 19. Ng4 Nd7 20. Rad1 axb3 21. axb3 Nf8
22. h5 Rd8 23. Qe3 Ra3 24. Nf6+ Kh8 25. Ng5 Bxf6 26. exf6 e5 27. Rxd8 Nxd8 28.
fxg7+ 1-0

[Event "Sparkassen-Open A"]
[Site "Heusenstamm, Martinsee"]
[Date "2015.11.27"]
[Round "2.40"]
[White "Hankel, Dennis"]
[Black "van den Hoff, Damien"]
[Result "1-0"]
[WhiteElo "2180"]
[BlackElo "1836"]
[PlyCount "99"]
[EventDate "2015.??.??"]
[WhiteTeam "SF Neuberg"]
[BlackTeam "vereinslos"]

1. e4 e5 2. Nf3 Nc6 3. Bb5 a6 4. Ba4 Nf6 5. O-O b5 6. Bb3 Bc5 7. d3 O-O 8. h3
d6 9. c3 Be6 10. Bc2 d5 11. Bg5 dxe4 12. dxe4 Qxd1 13. Rxd1 Be7 14. Nbd2 h6 15.
Be3 Bd6 16. Nf1 Rfd8 17. Ng3 Ne7 18. Nh4 g5 19. Nhf5 Nxf5 20. Nxf5 Bxf5 21.
exf5 Be7 22. Bb3 c5 23. c4 b4 24. Ba4 Rac8 25. Kf1 Ne4 26. g4 Nf6 27. Ke2 Kf8
28. f3 Bd6 29. h4 Nh7 30. Rh1 Kg7 31. hxg5 hxg5 32. f6+ Nxf6 33. Bxg5 Rh8 34.
Bc2 Be7 35. Bf5 Rxh1 36. Rxh1 Rh8 37. Rxh8 Kxh8 38. Kd3 Kg7 39. Be3 Ne8 40. Ke4
Nd6+ 41. Kd5 Nxf5 42. gxf5 Kf6 43. Bxc5 Bxc5 44. Kxc5 Kxf5 45. Kd5 Kf4 46. c5
f5 47. c6 e4 48. fxe4 fxe4 49. c7 e3 50. c8=Q 1-0

[Event "Sparkassen-Open A"]
[Site "Heusenstamm, Martinsee"]
[Date "2015.11.27"]
[Round "2.41"]
[White "Klebs, Sebastian"]
[Black "Chandler, Patrick"]
[Result "1/2-1/2"]
[WhiteElo "1828"]
[BlackElo "2177"]
[PlyCount "98"]
[EventDate "2015.??.??"]
[WhiteTeam "Karlsruher SF"]
[BlackTeam "SC Gelnhausen"]

1. e4 c5 2. Nf3 Nf6 3. Nc3 d5 4. exd5 Nxd5 5. Bc4 Nb6 6. Qe2 Nxc4 7. Qxc4 e6 8.
d4 Nd7 9. Be3 Nb6 10. Qe2 c4 11. O-O Be7 12. Ne5 O-O 13. Nxc4 Nxc4 14. Qxc4 Bd7
15. Rfd1 Qa5 16. Qe2 Bc6 17. f3 Rac8 18. Ne4 f5 19. Nc5 Bxc5 20. dxc5 e5 21.
Qc4+ Kh8 22. b4 Qa4 23. Qb3 f4 24. Bf2 Rfe8 25. Rd6 e4 26. fxe4 Rxe4 27. Rad1
h6 28. Rd8+ Re8 29. Rxc8 Rxc8 30. Rd4 f3 31. Qxa4 Bxa4 32. c3 Rf8 33. gxf3 Rxf3
34. Rd8+ Kh7 35. Bd4 g5 36. Rd6 Bb5 37. Rf6 Rxf6 38. Bxf6 Kg6 39. Bd4 a6 40.
Kf2 Kf5 41. Kg3 Ke4 42. h4 Be2 43. hxg5 hxg5 44. Bf6 Kd3 45. Bd4 Bd1 46. Kf2
Kc2 47. Ke3 Kb2 48. c4+ Kxa2 49. b5 axb5 1/2-1/2

[Event "Sparkassen-Open A"]
[Site "Heusenstamm, Martinsee"]
[Date "2015.11.27"]
[Round "2.42"]
[White "Hinrichs, Hans-Uwe"]
[Black "Kunisch, Nina"]
[Result "1-0"]
[WhiteElo "2167"]
[BlackElo "1406"]
[PlyCount "51"]
[EventDate "2015.??.??"]
[WhiteTeam "SK Bingen"]
[BlackTeam "TV-Großostheim"]

1. Nc3 e5 2. e4 Nf6 3. f4 d6 4. Nf3 Nc6 5. Bb5 Bg4 6. d3 a6 7. Bxc6+ bxc6 8. h3
Bxf3 9. Qxf3 g6 10. fxe5 dxe5 11. Bg5 Be7 12. O-O Ng8 13. Qxf7+ Kd7 14. Qg7 h6
15. Be3 Nf6 16. Rxf6 Rg8 17. Qf7 Kc8 18. Qe6+ Kb8 19. Rf7 Re8 20. Qxc6 Bd6 21.
Raf1 g5 22. Nd5 Ra7 23. Bxa7+ Kxa7 24. Rd7 Qa8 25. Qxd6 Rc8 26. Qb6# 1-0

[Event "Sparkassen-Open A"]
[Site "Heusenstamm, Martinsee"]
[Date "2015.11.27"]
[Round "2.43"]
[White "Bahlke, Florian"]
[Black "Budzyn, Matthias"]
[Result "0-1"]
[WhiteElo "1836"]
[BlackElo "2164"]
[PlyCount "56"]
[EventDate "2015.??.??"]
[WhiteTeam "SF Dettingen"]
[BlackTeam "SG Turm Kiel"]

1. c4 g6 2. g3 Nf6 3. Bg2 Bg7 4. Nc3 c5 5. Nf3 O-O 6. O-O d5 7. cxd5 Nxd5 8.
Nxd5 Qxd5 9. d3 Nc6 10. Ng5 Qd8 11. Rb1 Bd7 12. Bd2 b6 13. Bc3 e5 14. Ne4 Qe7
15. Qb3 Nd4 16. Bxd4 cxd4 17. Qd5 Bg4 18. f3 Rfd8 19. Qc6 Rac8 20. Qa4 Be6 21.
Rbc1 Bh6 22. f4 Rxc1 23. Rxc1 exf4 24. gxf4 Bxf4 25. Rf1 Qh4 26. Rxf4 Qxf4 27.
Qxa7 Rc8 28. Qxb6 Rc1+ 0-1

[Event "Sparkassen-Open A"]
[Site "Heusenstamm, Martinsee"]
[Date "2015.11.27"]
[Round "2.44"]
[White "Füssel, Jan Michael"]
[Black "Hahn, Florian"]
[Result "0-1"]
[WhiteElo "1788"]
[BlackElo "2149"]
[PlyCount "80"]
[EventDate "2015.??.??"]
[WhiteTeam "VSG Offenbach"]
[BlackTeam "SC Herborn"]

1. b3 d5 2. e3 Nf6 3. Nf3 g6 4. Bb2 Bg7 5. c4 c5 6. d4 cxd4 7. Nxd4 O-O 8. Be2
Nc6 9. O-O Nxd4 10. Bxd4 Bf5 11. Nc3 dxc4 12. Bxc4 a6 13. b4 Qc7 14. Qb3 Ng4
15. g3 Rac8 16. Nd5 Qxc4 17. Nxe7+ Kh8 18. Bxg7+ Kxg7 19. Nxc8 Qxb3 20. axb3
Rxc8 21. Rfc1 Rc2 22. Rxc2 Bxc2 23. Rc1 Bxb3 24. f3 Ne5 25. Kg2 Nc6 26. Rb1 Bc4
27. Kf2 Kf6 28. e4 Ke5 29. Ke3 Kd6 30. f4 Kc7 31. Kd2 Kb6 32. Kc3 Kb5 33. Rb2
Be6 34. Rb1 Bg4 35. Rb2 Bf3 36. e5 Bg4 37. h3 Bxh3 38. Rh2 Be6 39. Rxh7 Nxb4
40. Rh8 a5 0-1

[Event "Sparkassen-Open A"]
[Site "Heusenstamm, Martinsee"]
[Date "2015.11.27"]
[Round "2.45"]
[White "Weiland, Thomas"]
[Black "Mährlein, Christoph"]
[Result "1/2-1/2"]
[WhiteElo "1812"]
[BlackElo "2106"]
[PlyCount "88"]
[EventDate "2015.??.??"]
[WhiteTeam "SV Oberursel"]
[BlackTeam "SC Pforzheim"]

1. e4 Nf6 2. Nc3 d6 3. d4 Nbd7 4. f4 e5 5. fxe5 dxe5 6. dxe5 Nxe5 7. Qxd8+ Kxd8
8. Bg5 c6 9. Nf3 Bd6 10. O-O-O Kc7 11. Bxf6 gxf6 12. h3 Nxf3 13. gxf3 Rg8 14.
Bc4 Rg3 15. Bxf7 Rxf3 16. Rd3 Bf4+ 17. Kb1 Rf2 18. Bh5 f5 19. Rf3 Rxf3 20. Bxf3
Be5 21. exf5 Bxc3 22. bxc3 Bxf5 23. Bg4 Bg6 24. Re1 Kd6 25. Re6+ Kc5 26. Re5+
Kb6 27. Bf5 Rf8 28. Bxg6 hxg6 29. Rg5 Rf6 30. Kb2 c5 31. c4 Kc6 32. c3 b6 33.
Kb3 Re6 34. h4 a6 35. h5 gxh5 36. Rxh5 b5 37. Rh3 bxc4+ 38. Kxc4 Re4+ 39. Kb3
Kb5 40. Rh5 Re1 41. a4+ Kb6 42. a5+ Kc6 43. c4 Rb1+ 44. Kc3 Ra1 1/2-1/2

[Event "Sparkassen-Open A"]
[Site "Heusenstamm, Martinsee"]
[Date "2015.11.27"]
[Round "2.46"]
[White "Firinci, Erdem"]
[Black "Held, Carsten"]
[Result "0-1"]
[WhiteElo "1612"]
[BlackElo "2065"]
[PlyCount "106"]
[EventDate "2015.??.??"]
[WhiteTeam "SF Heusenstamm"]
[BlackTeam "SC Ladja Roßdorf"]

1. e4 g6 2. d4 Bg7 3. Nf3 c5 4. c3 cxd4 5. cxd4 d5 6. e5 Nh6 7. Be2 Bg4 8. O-O
Nc6 9. Nc3 O-O 10. Qb3 Bxf3 11. Bxf3 e6 12. Be3 Nf5 13. Rad1 Na5 14. Qc2 Rc8
15. Bg4 Nxe3 16. fxe3 Qg5 17. Qe2 Nc4 18. Rde1 Bh6 19. Nd1 Rc7 20. g3 Rfc8 21.
h4 Qe7 22. Qf2 Qb4 23. Re2 Nxe5 24. Bxe6 fxe6 25. dxe5 Rf8 26. Qe1 Qe4 27.
Rxf8+ Bxf8 28. Rf2 Qxe5 29. Qf1 Qxg3+ 30. Kh1 Qxh4+ 31. Kg1 Qg5+ 32. Kh1 Qh6+
33. Rh2 Qg7 34. Nc3 Qe5 35. Qh3 Rf7 36. Kg1 d4 37. Nd1 dxe3 38. Nxe3 Bc5 39.
Re2 Qe4 40. Qg2 Rf3 41. Kh1 Rh3+ 42. Kg1 Qxg2+ 43. Kxg2 Rxe3 44. Rc2 Bb6 45. b4
Kf7 46. a4 a5 47. bxa5 Bxa5 48. Rc5 Re2+ 49. Kf3 Rf2+ 50. Ke4 Rf5 51. Rc2 g5
52. Rb2 b6 53. Rh2 Kg6 0-1